000 00761nam a2200253Ia 4500
003 OSt
005 20220918165620.0
006 a|||||r|||| 00| 0
007 ta
008 220917b |||||||| |||| 00| 0 eng d
020 _a8170004969 (pbk)
_c500
024 _a245,770
037 _b1117, 18/02/2011, Pioneer Book Distributors
_cTextual
040 _aARTS
_cARTS
_beng
041 _2eng
_aeng
082 _a2:8, P6(2D)
100 _aRanganathan S.R.
_93288
245 0 _aLibrary administration
260 _aNew Delhi
_bEss Ess Publications India
_c2006
300 _a672p.
_ccm.
650 _aLIBRARY SCIENCE
942 _h2:8, P6(2D)
_cTEXL
_2CC
999 _c130533
_d130533